000
00257 a2200097 4500
020
_a
9781526685599
100
_a
Rutger Bregman
245
_a
Moral ambition: stop wasting your talent and start making a difference
260
_b
Bloomsbury
_c
2025
942
_c
OO
999
_c
116071
_d
116070